| 000 | 00649cam a22002171 4500 | ||
|---|---|---|---|
| 001 | ne 62001527 | ||
| 003 | DLC | ||
| 005 | 20260227111738.0 | ||
| 008 | 941005s1961 le 000 0 ararc | ||
| 010 | _ane 62001527 | ||
| 035 | _a(OCoLC)31228086 | ||
| 040 |
_aPrinceton Univ. Libr. _cCU _dCU _dDLC |
||
| 042 | _apremarc | ||
| 050 | 0 | 0 |
_aPN81 _b.S225 |
| 100 | 1 | _aSālimah, Jān Zakī. | |
| 245 | 1 | 0 |
_aAdab wa-naqd _c[taʼlīf]Jān Zakī Sālimah. |
| 260 |
_aBayrūt, _bDār al-Rawāʼiʻ, _c[tārīkh al-muqaddimah: 1961] |
||
| 300 |
_a167 p. _c21 cm. |
||
| 650 | 0 | _aCriticism. | |
| 650 | 0 |
_aArabic literature _y20th century _xHistory and criticism. |
|
| 999 |
_c45299 _d45299 |
||